Dunajská Streda Pamätník obetiam fašizmu : Kultúrny dom : termálne kúpalisko : nákupné stredisko

Zobrazenie: Štyri čiastkové pohľady, každý v bielom orámovaní, všetky spolu v strieborno-bielo-zelenom orámovaní. V poslednom pohľade je vľavo hore žltým písmom názov. na rohoch strieborného orámovania sú žlto-biele diagonálne pásiky. Pohľad na Pamätník obetiam II. sv. vojny vpravo na trávnatej ploc...

Full description

Bibliographic Details
Other Authors: Slivka, Dušan, 1944- (Photographer)
Format: Photo
Language:Slovak
PhysicalDescription:1 pohľadnica (4 čiastkové pohľady) farebná 11 x 15 cm
Published: Bratislava ČSTK-Pressfoto 1990
Subjects:

MARC

LEADER 00000ckm a2200000 a 4500
001 vtls001208463
003 SK-MaSNL
005 20260331203615.0
007 kf co
008 180703s1990 xo g 0kuslo
015 |a SNBG1990 
035 |a SNK000151533 
040 |a SNK  |b slo  |c SNK  |e AACR2 
041 0 |a slo 
043 |a e-xo--- 
044 |a xo  |c SK 
072 7 |a 913  |x Regionálna geografia  |2 konspekt 
080 |a 913(437.6)  |2 2011 
080 |a (084.121)  |2 2011 
080 |a 725.945  |2 2011 
080 |a 725.835  |2 2011 
080 |a 725.1:613.47-026.911  |2 2011 
080 |a 725.1:613.47-026.651  |2 2011 
080 |a 725.1:339.372.2  |2 2011 
100 1 |a Slivka, Dušan,  |d 1944-  |4 pht  |9 249825 
245 1 0 |a Dunajská Streda  |h grafika  |b Pamätník obetiam fašizmu : Kultúrny dom : termálne kúpalisko : nákupné stredisko  |c foto: D. Slivka ; grafický návrh: Ľ. Rázusová 
246 1 |i Názov na obrazovej časti:  |a Dunajská Streda 
260 |a Bratislava  |b ČSTK-Pressfoto  |c 1990  |e Skalica  |f Grafobal 
300 |a 1 pohľadnica (4 čiastkové pohľady)  |b farebná  |c 11 x 15 cm 
520 8 |a Zobrazenie: Štyri čiastkové pohľady, každý v bielom orámovaní, všetky spolu v strieborno-bielo-zelenom orámovaní. V poslednom pohľade je vľavo hore žltým písmom názov. na rohoch strieborného orámovania sú žlto-biele diagonálne pásiky. Pohľad na Pamätník obetiam II. sv. vojny vpravo na trávnatej ploche. V pozadí vidno poschodovú budovu a listnaté stromy pred ňou. Pohľad na Dom kultúry vpravo. V popredí je kvetinový záhon. Pohľad na bazén plný ľudí na termálnom kúpalisku, v pozadí je rad listnatých stromov. Pohľad na obchodný dom spoločnosti Coop Jednosta s logom na nednej z najvyšších častí budovy a nápisom: "Centrum" na prednej, nižšej časti budovy. V popredí je kvetinový zéhon, vpravo je za ním listnatý strom. V pozadí za nimi je námesie, na ktorom sú trávnaté plochy medzi betónovými časťami, na ktorých sú rôzne stromy 
610 2 7 |a Termálne kúpalisko (Dunajská Streda, Slovensko)  |2 SNKKA  |9 283342 
650 0 7 |a pamätníky  |2 SNKPH  |9 25601 
650 0 7 |a kultúrne domy  |2 SNKPH  |9 73211 
650 0 7 |a bazény  |2 SNKPH  |9 30214 
650 0 7 |a termálne kúpaliská  |2 SNKPH  |9 4389 
650 0 7 |a obchodné domy  |2 SNKPH  |9 3005 
651 7 |a Dunajská Streda (Slovensko)  |2 SNKPHgeo  |9 17375 
655 7 |a miestne pohľadnice  |2 SNKPH  |9 70510 
700 1 |a Rázusová, Ľubica  |c (grafička)  |4 art  |9 283298 
958 |a GBN 
958 |a GC 
958 |a OND 
999 |c 1024481  |d 1026411 
952 |a SNK  |b SNK  |y PREZ  |7 0  |p 17A1281790  |o snkSP 144240  |i snk5962/90  |0 0  |1 0  |4 0  |d 2021-06-23  |f 1  |l 0  |r 2026-02-24 13:34:56  |w 2026-02-24 
952 |a SNK  |b SNK  |y PREZ  |7 0  |p 17A1281789  |o snkSP 144240 D1  |i snk5963/90  |0 0  |1 0  |4 0  |d 2021-06-23  |l 0  |r 2026-02-24 13:34:56  |w 2026-02-24